| 000 | 00801nam a2200205 a 4500 | ||
|---|---|---|---|
| 003 | 0 | ||
| 005 | 20250319122631.0 | ||
| 008 | 080915s19uu xx 00 eng d | ||
| 050 |
_aPHS LB 1139.23 _b.Pa21 2008 |
||
| 100 | _aPark, Dong Hyun. | ||
| 245 |
_aA study on the parental expectations and academic achievements of children / _cDong Hyun Park. |
||
| 260 |
_aLas PiƱas City, Philippines : _bSouthville International School and Colleges, _c2008. |
||
| 300 |
_a34 pages : _billustrations ; _c28 cm. |
||
| 504 | _aIncludes bibliographical references. | ||
| 650 |
_aParental expectations _xEducational aspects. |
||
| 650 |
_aChildren _xEffect of parental expectations on. |
||
| 650 |
_aEducation _xParent participation. |
||
| 650 |
_aAcademic achievement _xPsychological aspects. |
||
| 942 |
_2lcc _cPASS |
||
| 999 |
_c98061 _d98061 |
||